000 00190nam a2200085Ia 4500
008 170620s9999 xx 000 0 und d
100 _aN.C.E.R.T
245 0 _aPadna ke Samag
260 _bNew Delhi- NCERT
260 _c2009
999 _c25254
_d25254